01827cam a22003495i 4500999001700000001001000017003000900027005001700036008004100053020001800094020001500112040004100127082002100168100003400189245009000223250001900313264013200332300004400464336002600508337002800534338002700562490002500589504005100614520033400665650005800999650003601057651001001093653003801103942001201141952014801153952017601301 c21653d21625017028837EG-ScBUE20200205114820.0150106s2015 enka f b 001 0 eng d a9780335264483 a0335264484 aStDuBDSbengerdacStDuBDSdEG-ScBUE04a808.066bBIG2221 aBiggam, John,eauthor.93985610aSucceeding with your master's dissertation :ba step-by-step handbook /cJohn Biggam. aThird edition. 1aBerkshire, England :bOpen University Press :bMcGraw Hill Education :bMcGraw Hill House ;aNew York :bTwo Penn Plaza,c2015. ax, 325 pages :billustrations ;c23 cm. atextbtxt2rdacontent aunmediatedbn2rdamedia avolumebnc2rdacarrier0 aOpen up study skills aIncludes bibliographical references and index. aThis popular book continues to demystify the dissertation writing process. Taking a step-by-step approach to the dissertation life cycle and highlighting examples of good and bad practice and the common mistakes that students often make, the book provides clear guidance on how to gain marks, as well as how to avoid losing them. 7aDissertations, AcademicvStyle manuals.2BUEsh939860 7aAcademic writing.2BUEsh939859 2BUEsh bBUSADMbNNURbHHUUEENNcApril2016 2ddccBB 00102ddc40708AlahramaMAINbMAINc2NDd2016-04-19ePurchaseg390.00l0o808.066 BIGp000032379r2025-07-15 00:00:00v487.50w2016-04-19yNB 00102ddc40708AlahramaMAINbMAINc2NDd2016-04-19ePurchaseg390.00l1m16o808.066 BIGp000032387q2026-05-27r2024-06-11 00:00:00s2024-06-11v487.50w2016-04-19yBB